000 00416nam a2200181Ia 4500
005 20250425162703.0
008 250425s9999 xx 000 0 und d
041 _aeng
082 _a639.8
245 0 _aWORLD AQUACULTURE 99
250 _aS.E
260 _aEstados Unidos
_bWORLD AQUACULTURE SOCIETY
_c1999
260 _aNEW YORK
300 _a853
650 _aACUACULTURA
942 _c01
010 _a96793
999 _c234357
_d234357